Statistics for The Ottoman Empire

Click here to take the quiz!

General Stats

  • This quiz has been taken 313 times
    (224 since last reset)
  • The average score is 12 of 30

Answer Stats

HintAnswer% Correct
The new name for Constantinople under the empireIstanbul
93%
The royal title of Ottoman leadersSultan
84%
The Ghazi leader from which Ottoman comes fromOsman I
75%
The year that Constantinople was captured1453
67%
In 1829, this country became the first to declare independence from itGreece
67%
This ethnic group of eastern Anatolia was the victim of genocideArmenians
66%
Considered the founder of the Turkish republicMustafa Kemal Ataturk
65%
The conqueror of Serbia and HungarySuleiman the Magnificent
60%
The domed church in the above city turned into a mosqueHagia Sophia
59%
Beseiged twice, this city was relieved both times (1529-32)Vienna
59%
This war of the 1850s against Russia helped to drive up Ottoman debtCrimean War
55%
Elite infantry units that formed the sultan's personal guardJanissaries
52%
This British officer helped the rebel Arabs to capture much of the HejazT. E. Lawrence
49%
In WW1, this Thracian peninsula was the gravesite of many an ANZAC soldierGallipoli
47%
The last sultan of the empireMehmed IV
44%
The first large capital of the Ottoman stateBursa
43%
In 1908, this revolution restored the Ottoman ConstitutionYoung Turk
36%
The famous poet who went to the above country to fightLord Byron
34%
In 1571, this naval battle off Greece set back the Ottoman navyLepanto
31%
A movement of modernization that lasted through most of the 1800sTanzimat
28%
His large victory here enabled the conquest of HungaryMohacs
22%
This Polish king defeated Kara Pasha at ViennaJan Sobieski
21%
Murad II slaughtered Hungary and Poland hereVarna
20%
An alliance that Greece, Bulgaria, Serbia and Montenegro formed against the empireBalkan League
18%
The name for Ottoman land subdivisions or provincesEyalets
12%
The class of well-educated Muslim legal scholarsUlama
12%
Another British officer, he captured Jerusalem just in time for ChristmasEdmund Allenby
11%
One of the empire's worst defeats here cost them Bosnia in 1697Zenta
7%
In 1771, the Ottoman navy was crushed here, resulting in withdrawl from the Black SeaChesma
2%
The last large crusade of the Medieval Era was defeated hereNicolopis
2%

Score Distribution

Percentile by Number Answered

Percent of People with Each Score

Your Score History

You have not taken this quiz since the last reset